Una disperata vitalita : poesia per l'altro amore /

Gespeichert in:
Bibliographische Detailangaben
Weitere Verfasser: Metalli, Mario Sigfrido, Arpaia, Armando
Format: Buch
Sprache:Italienisch
Veröffentlicht: Roma : Editrice Ianua, c1989
Tags: Tag hinzufügen
Keine Tags, Fügen Sie das erste Tag hinzu!

MARC

LEADER 00000nam a22000007i 4500
001 IT\ICCU\LO1\0028218
003 ItRI
005 20260115232409.0
008 900706s1989 it |||||| ||||| |||||c
040 |b ita  |c importazione bologna sebina 
041 7 |a ita  |2 ISO-639-2 
245 0 4 |a Una disperata vitalita :  |b poesia per l'altro amore /  |c D'Annunzio ... [et al.] ; a cura di Mario Sigfrido Metalli ; con otto disegni di Armando Arpaia. 
260 |a Roma :  |b Editrice Ianua,  |c c1989 
300 |a 114 p. :  |b ill. ;  |c 21 cm 
500 |a In cop.: Edizione del Giano, 34. 
700 1 |a Metalli, Mario Sigfrido  |0 IT\ICCU\LO1V\020789 
700 1 |a Arpaia, Armando  |0 IT\ICCU\LO1V\020790 
942 |2 ddc  |c BK  |n 0 
952 |0 0  |1 0  |4 0  |6 DOC_851_008000000000000_DIS  |7 0  |9 25385  |a BO  |b BO  |d 2026-01-15  |i 2057  |l 0  |o DOC 851.008 DIS  |p BO2057  |r 2026-01-15 23:24:09  |w 2026-01-15  |x [Sebina 5] [1 v.]  |y BK  |z 1 v. 
999 |c 21559  |d 21559